Statistics for Milwaukee Bucks Leaders Per Year

Click here to take the quiz!

General Stats

  • This quiz has been taken 1,593 times
    (12 since last reset)
  • The average score is 18 of 69

Answer Stats

Player% Correct
Brook Lopez
100%
Giannis Antetokounmpo
100%
Jrue Holiday
100%
Damian Lillard
92%
Kareem Abdul-Jabbar
92%
Khris Middleton
83%
Alvin Robertson
75%
Lucius Allen
75%
Oscar Robertson
75%
Ray Allen
75%
Sidney Moncrief
67%
Andrew Bogut
33%
Brandon Jennings
33%
Ervin Johnson
33%
Marques Johnson
33%
Michael Redd
33%
Mickey Johnson
33%
Mo Williams
33%
Bob Dandridge
25%
Elmore Smith
25%
Flynn Robinson
25%
Glenn Robinson
25%
Greg Monroe
25%
Greg Smith
25%
Joe Smith
25%
Larry Sanders
25%
Brad Lohaus
17%
Brandon Knight
17%
Damon Jones
17%
Donte DiVincenzo
17%
Eric Bledsoe
17%
Jack Sikma
17%
Jim Price
17%
John Henson
17%
Moses Malone
17%
Ricky Pierce
17%
Terrell Brandon
17%
Terry Cummings
17%
Vin Baker
17%
Alton Lister
8%
Anthony Avent
8%
Anthony Mason
8%
Blue Edwards
8%
Brian Winters
8%
Charlie Villanueva
8%
Dan Gadzuric
8%
Danny Schayes
8%
Eric Murdock
8%
Ersan Ilyasova
8%
Guy Rodgers
8%
Harvey Catchings
8%
Jamaal Magloire
8%
Jay Humphries
8%
Joel Przybilla
8%
John Salmons
8%
Jon McGlocklin
8%
Luke Ridnour
8%
Monta Ellis
8%
Paul Pressey
8%
Quinn Buckner
8%
Ramon Sessions
8%
Randy Breuer
8%
Richard Jefferson
8%
Sam Cassell
8%
Sherman Douglas
8%
Swen Nater
8%
T.J. Ford
8%
Brian Skinner
0%
Ruben Patterson
0%

Score Distribution

Percentile by Number Answered

Percent of People with Each Score

Your Score History

You have not taken this quiz since the last reset